| 000 | 01384nam a22003497a 4500 | ||
|---|---|---|---|
| 001 | 12151210 | ||
| 003 | OSt | ||
| 005 | 20210426114515.0 | ||
| 008 | 000822s2001 njua b 001 0 eng | ||
| 010 | _a 00045237 | ||
| 020 | _a0130953067 (hc.) | ||
| 040 |
_aDLC _cDLC _dDLC |
||
| 043 | _an-us--- | ||
| 050 | 0 | 0 |
_aLC4231 _b.B53 2001 |
| 080 |
_a37 _bB-56 |
||
| 082 | 0 | 0 |
_a371.91 _221 |
| 100 | 1 | _aBigge, June L. | |
| 245 | 1 | 0 |
_aTeaching individuals with physical, health, or multiple disabilities / _cby June L. Bigge, Sherwood J. Best, Kathryn Wolff Heller. |
| 250 | _a4th ed. | ||
| 260 |
_aUpper Saddle River, N.J. : _bMerrill/Prentice Hall, _cc2001. |
||
| 300 |
_axvi, 620 p. : _bill. ; _c24 cm. |
||
| 500 | _aRev. ed. of: Teaching individuals with physical and multiple disabilities. | ||
| 504 | _aIncludes bibliographical references and indexes. | ||
| 650 | 0 |
_aChildren with disabilities _xEducation _zUnited States. |
|
| 653 | _aგანათლება | ||
| 700 | 1 | _aBest, Sherwood J. | |
| 700 | 1 |
_aHeller, Kathryn Wolff, _d1957- |
|
| 700 | 1 |
_aBigge, June L. _tTeaching individuals with physical and multiple disabilities. |
|
| 906 |
_a0 _bvip _corignew _d1 _eocip _f20 _gy-gencatlg |
||
| 942 |
_2udc _cBK |
||
| 999 |
_c1005 _d1005 |
||